| 000 | 00358nam a22001337a 4500 | ||
|---|---|---|---|
| 999 |
_c149085 _d149085 |
||
| 082 |
_aM1 _bBAL/O |
||
| 100 | _aBalakrishna Panikker V C | ||
| 245 |
_aOru vilapam viswaroopvum/ _cby Balakrishna Panikker V C. |
||
| 260 |
_aThrissur: _bCurrent, _c1983. |
||
| 650 | _aPoetry Malayalam | ||
| 650 | _aLiterature Malayalam | ||
| 650 | _aLiterature | ||
| 942 | _cBK | ||